Sport e omofobia /

Gespeichert in:
Bibliographische Detailangaben
1. Verfasser: Scovino, Carlo
Format: Buch
Sprache:Italienisch
Veröffentlicht: Roma : Rogas, stampa 2022
Schriftenreihe:Mané
Schlagworte:
Tags: Tag hinzufügen
Keine Tags, Fügen Sie das erste Tag hinzu!

MARC

LEADER 00000nam a22000007i 4500
001 IT\ICCU\PAR\1285461
003 ItRI
005 20260115232210.0
008 220719s2022 it |||||| ||||| |||||c
020 |a 9788899700775 
040 |b ita  |c importazione bologna sebina 
041 7 |a ita  |2 ISO-639-2 
082 |a 796.01  |9 SPORT E GIOCHI ATLETICI E ALL'APERTO. Filosofia e teoria  |2 22 
100 1 |a Scovino, Carlo  |0 IT\ICCU\LO1V\186850 
240 1 0 |a Sport e omofobia  |3 IT\ICCU\UBO\4663912  |9 Scovino, Carlo 
245 1 0 |a Sport e omofobia /  |c Carlo Scovino. 
260 |a Roma :  |b Rogas,  |c stampa 2022 
300 |a 245 p. :  |b ill. ;  |c 21 cm 
650 7 |a Omofobia  |x Prevenzione  |x Ruolo [dello] Sport  |2 nsbncf 
830 0 |a Mané  |0 IT\ICCU\PAR\1285463 
942 |2 ddc  |c BK  |n 0 
952 |0 0  |1 0  |4 0  |6 DOC_796_010000000000000_SCO  |7 0  |9 21811  |a BO  |b BO  |d 2026-01-15  |i 19855  |l 0  |o DOC 796.01 SCO  |p BO19855  |r 2026-01-15 23:22:10  |w 2026-01-15  |x [Sebina 5] [1 v.]  |y BK  |z 1 v. 
999 |c 18638  |d 18638